000 005200000a22001570004500
090 _aAR
_b02660
245 1 0 _aAdicionales a la avifauna del parque nacional natural "Isla Salamanca" (<Magdalena>)
650 1 4 _aAves acuáticas
_993167
650 1 4 _aOrnitología
_993189
650 1 4 _aInventarios de aves
_96278
651 4 _mIsla Salamanca
_dMagdalena
_pColombia
_992749
041 0 _aEspañol
100 1 _aNaranjo Henao, Luis Germán
_93891
942 _cARTICULO
773 1 _tBoletín Museo del Mar
_31281
_h10
_q54-62
_d1981
999 _c11723
_d11723